Movies Quiz

Random Movies or Pixar Quiz

Is That a Disney Sequel? Quiz Stats

Quiz Updated Sep 14, 2012

Challenge
Share
Tweet
Embed
Score 0/26 Timer 04:00
2 Plays Today
% Correct
The Little Mermaid II: Return to the Sea
88.6%
Return to Neverland
86%
Pocahontas II: Journey to a New World
85.2%
The Santa Clause 3: The Escape Clause
85%
Fantasia 2000
82.5%
George of the Jungle 2
82.4%
Mulan II
80.7%
101 Dalmatians II: Patch's London Adventure
78.8%
The Lion King 1½
77.5%
D3: The Mighty Ducks
77.2%
Bambi II
76.1%
Honey, We Shrunk Ourselves
75%
The Hunchback of Notre Dame II
75%
% Correct
Homeward Bound II: Lost in San Francisco
74.9%
Tarzan & Jane
68.8%
Return From Witch Mountain
68.5%
Cinderella III: A Twist in Time
68.1%
Return to Oz
66.2%
Pooh's Heffalump Halloween Movie
65.2%
Air Bud: Seventh Inning Fetch
65%
Kronk's New Groove
64.6%
Buzz Lightyear of Star Command: The Adventure Begins
63%
Herbie Goes Bananas
47%
The Apple Dumpling Gang Rides Again
37.8%
Leroy & Stitch
36.9%
The Shaggy D.A.
28.4%

You're not logged in!

Compare scores with friends on all Sporcle quizzes.
Sign Up with Email
OR
Log In

You Might Also Like...

Show Comments

Extras

Top Quizzes Today


Score Distribution

Your Account Isn't Verified!

In order to create a playlist on Sporcle, you need to verify the email address you used during registration. Go to your Sporcle Settings to finish the process.